000 00918cab a2200325 4500
001 ABS54665
008 090401t1996 xxu||||| |||| 00| 0 eng d
035 _a(Sirsi) u11614
041 _aeng
100 _aAsbridge, R.
245 _aProbe 4: Queens Building
260 _c1996
350 _a0
490 _aBuilding Services
_v18(4) April 1996, 35-38(4)
520 _aQueens Building, De Montfort University in Leicester. Occupancy survey results and key design lessons.
650 _aBlock management
_96220
650 _aDAYLIGHTING
650 _aENERGY CONSUMPTION
650 _aHEATING ISSUES
650 _aLABORATORIES
650 _aLIGHTING ISSUES
650 _aNATURAL VENTILATION
650 _aQUEENS BUILDING
650 _aSOLAR ENERGY
650 _aUNIVERSITY BUILDINGS
690 _aBUILDING AND CONSTRUCTION-PROJECTS
700 _aCohen, R.
942 _n0
948 _c04/03/1997
999 _c7410
_d7410